<?xml version="1.0" encoding="UTF-8"?>
<record
    xmlns:xsi="http://www.w3.org/2001/XMLSchema-instance"
    xsi:schemaLocation="http://www.loc.gov/MARC21/slim http://www.loc.gov/standards/marcxml/schema/MARC21slim.xsd"
    xmlns="http://www.loc.gov/MARC21/slim">

  <leader>02843ckc a2200325 a 4500</leader>
  <datafield tag="999" ind1=" " ind2=" ">
    <subfield code="c">3613</subfield>
    <subfield code="d">3613</subfield>
  </datafield>
  <controlfield tag="003">OSt</controlfield>
  <controlfield tag="005">20220127085353.0</controlfield>
  <controlfield tag="008">070224i18641940xxunnn            kneng  </controlfield>
  <datafield tag="020" ind1=" " ind2=" ">
    <subfield code="a">1844072118</subfield>
  </datafield>
  <datafield tag="040" ind1=" " ind2=" ">
    <subfield code="c">DLC</subfield>
  </datafield>
  <datafield tag="043" ind1=" " ind2=" ">
    <subfield code="a">n-us---</subfield>
  </datafield>
  <datafield tag="050" ind1="0" ind2="0">
    <subfield code="a">HT 361 </subfield>
    <subfield code="b">.F45 2005</subfield>
  </datafield>
  <datafield tag="100" ind1="1" ind2=" ">
    <subfield code="a">Johnston, Frances Benjamin,</subfield>
    <subfield code="d">1864-1952,</subfield>
  </datafield>
  <datafield tag="245" ind1="0" ind2="0">
    <subfield code="a">Carnegie Survey of the Architecture of the South (Library of Congress)</subfield>
  </datafield>
  <datafield tag="260" ind1=" " ind2=" ">
    <subfield code="c">1927-1943, bulk 1933-1940.</subfield>
  </datafield>
  <datafield tag="300" ind1=" " ind2=" ">
    <subfield code="a"> XLVIII, 246</subfield>
    <subfield code="c">29 cm</subfield>
  </datafield>
  <datafield tag="300" ind1=" " ind2=" ">
    <subfield code="a">ca. 6,800 negatives :</subfield>
    <subfield code="b">film ;</subfield>
    <subfield code="c">8 x 10 in.</subfield>
  </datafield>
  <datafield tag="351" ind1=" " ind2=" ">
    <subfield code="3">Photographic prints made by the Library of Congress:</subfield>
    <subfield code="a">Organized into 8 groups (LOTS);</subfield>
    <subfield code="b">arranged by state and subdivided by county. The call numbers are: LOT 11833 (ALA), LOT 11834 (FLA), LOT 11835 (GA), LOT 11836 (LA), LOT 11837 (MD), LOT 11839 (NC), LOT 11840 (SC), LOT 11841 (VA).</subfield>
  </datafield>
  <datafield tag="351" ind1=" " ind2=" ">
    <subfield code="a">Original negatives:</subfield>
    <subfield code="b">Arranged by state and a four-digit negative number within series code LC-J7. Sample call number: LC-J7-VA-</subfield>
  </datafield>
  <datafield tag="500" ind1=" " ind2=" ">
    <subfield code="a">include index</subfield>
  </datafield>
  <datafield tag="510" ind1="4" ind2=" ">
    <subfield code="a">Special Collections in the Library of Congress / compiled by Annette Melville. Washington, D.C. : Library of Congress, 1980,</subfield>
    <subfield code="c">no. 39</subfield>
  </datafield>
  <datafield tag="510" ind1="4" ind2=" ">
    <subfield code="a">Guide to the Special Collections of Prints and Photographs in the Library of Congress / compiled by Paul Vanderbilt. Washington, D.C. : Library of Congress Reference Department, 1955,</subfield>
    <subfield code="c">no. 388</subfield>
  </datafield>
  <datafield tag="540" ind1=" " ind2=" ">
    <subfield code="a">No known restrictions on publication.</subfield>
  </datafield>
  <datafield tag="545" ind1=" " ind2=" ">
    <subfield code="a">One of the first American women to achieve prominence as a photographer, Frances Benjamin Johnston opened a studio in Washington, D.C., in 1890, carrying out portrait and photojournalism assignments. She entered into partnership with Mattie Edwards Hewitt, operating a New York City studio that specialized in architectural and garden photography, 1913-1917. Johnston began a series of systematic architectural field trips in 1927-29 with a privately commissioned survey of Fredersicksburg, Va., and Old Falmouth for Mrs. Daniel B. Devore "to preserve something of the atmosphere of an old Virginia town." A grant from the Carnegie Corporation of New York extended the survey to cover the entire state of Virginia under sponsorship of the University of Virginia. Successive Carnegie grants totaled $26,000 to cover the other States under Library of Congress sponsorship. The American Institute of Architects honored Miss Johnston for her achievement in 1945. Johnston kept control of the negatives during her lifetime, but selective sets of prints were made for several libraries and museums.</subfield>
  </datafield>
  <datafield tag="650" ind1=" " ind2="7">
    <subfield code="a">Architecture</subfield>
    <subfield code="z">Southern States</subfield>
    <subfield code="y">1930-1940.</subfield>
    <subfield code="2">lctgm</subfield>
  </datafield>
  <datafield tag="710" ind1="2" ind2=" ">
    <subfield code="a">Carnegie Corporation of New York,</subfield>
    <subfield code="e">sponsor.</subfield>
  </datafield>
  <datafield tag="906" ind1=" " ind2=" ">
    <subfield code="a">0</subfield>
    <subfield code="b">ibc</subfield>
    <subfield code="c">orignew</subfield>
    <subfield code="d">u</subfield>
    <subfield code="e">ncip</subfield>
    <subfield code="f">20</subfield>
    <subfield code="g">y-printpho</subfield>
  </datafield>
  <datafield tag="942" ind1=" " ind2=" ">
    <subfield code="2">lcc</subfield>
    <subfield code="c">BK</subfield>
    <subfield code="n">SM</subfield>
  </datafield>
  <datafield tag="952" ind1=" " ind2=" ">
    <subfield code="0">0</subfield>
    <subfield code="1">0</subfield>
    <subfield code="2">lcc</subfield>
    <subfield code="4">0</subfield>
    <subfield code="7">0</subfield>
    <subfield code="a">MLIB</subfield>
    <subfield code="b">MLIB</subfield>
    <subfield code="c">OS</subfield>
    <subfield code="d">2022-01-27</subfield>
    <subfield code="e">DONATION FROM MOI UNIVERSITY</subfield>
    <subfield code="l">0</subfield>
    <subfield code="o">HT 361  .F45 2005</subfield>
    <subfield code="p">28004958</subfield>
    <subfield code="r">2022-01-27</subfield>
    <subfield code="w">2022-01-27</subfield>
    <subfield code="y">BK</subfield>
    <subfield code="z">SM</subfield>
  </datafield>
</record>
